Hors de soi (Record no. 13980)

MARC details
010 ## - Numéro international normalisé du livre (ISBN)
ISBN 9782958676476
Disponibilité et/ou prix 6 EUR
099 ## - Visibilité opac
notice masquée en opac Non
100 ## - Données générales de traitement
Données générales de traitement 20240624d2024 a y0frey50 ba
101 0# - Langue de la ressource
Langue du texte, de la bande son, etc. français
102 ## - Pays de publication ou de production
Pays de publication France
200 1# - Titre et mention de responsabilité
Titre propre Hors de soi
Indication générale du type de document Livre
214 #0 - Mentions de production, publication, diffusion et manufacture
Nom de l’éditeur la Maison théâtre
Date de publication DL 2024
214 #3 - Mentions de production, publication, diffusion et manufacture
Nom de l’éditeur Ott impr.
215 ## - Description physique
Nombre de pages 1 vol. (39 p.)
225 ## - Collection
Titre de la collection Les cahiers théâtre
Numéro de collection n° 15
300 ## - Notes générales
Texte de la note Commande de la Maison théâtre dans le cadre du projet "Que ça bouge !"
330 ## - Résumé ou extrait
Texte de la note « C'est le bordel ! » Cette phrase revient en boucle dans le bureau de la direction du collège où sont présent·e·s les enseignant·e·s et une représentante des parents d'élèves. Les 3èmeC et Mme Hartman se sont enfermé·e·s dans la salle 204 en glissant un mot sous la porte « que ça bouge ». Et si c'était pour donner d'autres couleurs à la vie des élèves et des enseignant·e·s ! Dans une pièce pleine d‘humour et de sensibilité, Marylin Mattei brosse un tableau réaliste et plein d'espoir sur la vie d'un collège où tout pourrait bouger si…
610 ## - Mot-clé
Mot-clé Education
-- collège
700 ## - Auteur principal
Nom Mattei
Prénom Marilyn
Dates 1985-....
105 ## - Zone de données codées : textes, monographies
Données codées sur les monographies textuelles ||||z 00|a|
181 #0 - Zone de données codées : Forme de la ressource
Données de liaison entre champs 01
Forme du contenu selon l’ISBD sous forme codée i
Qualificatif(s) du contenu selon l’ISBD sous forme codée xxxe
181 ## - Zone de données codées : Forme de la ressource
Données de liaison entre champs 02
Autre référentiel utilisé pour coder la forme du contenu texte
Code du référentiel rdacontent
182 #0 - Zone de données codées : type de média
Données de liaison entre champs 01
Type de médiation selon l’ISBD sous forme codée sans média
182 ## - Zone de données codées : type de média
Données de liaison entre champs 02
Autre référentiel utilisé pour coder le type de médiation sans média
Code du référentiel rdamedia
214 #0 - Mentions de production, publication, diffusion et manufacture
Lieu de publication, production, distribution/diffusion, fabrication Strasbourg
214 #3 - Mentions de production, publication, diffusion et manufacture
Lieu de publication, production, distribution/diffusion, fabrication 67-Wasselonne
215 ## - Description physique
Dimensions 21 cm
225 ## - Collection
Complément du titre 12-14 ans
321 ## - note sur les index, extraits et citations publiés séparément
Nom de la source La Revue des livres pour enfants
Numéro international normalisé 0398-8384
Localisation dans la source 340
333 ## - Note sur le public destinataire
Texte de la note À partir de 13 ans
410 #0 - Collection
Identifiant de la notice bibliographique liée 47252827
410 #0 - Collection
Titre de l'oeuvre Les Cahiers théâtre (Strasbourg)
ISSN 3039-5577
Numéro de volume 15
608 ## - Vedette de Forme, Genre ou Caractéristiques physiques
Élément d'entrée Théâtre
Code du format utilisé CNLJ
686 ## - Autres numéros de classification
Indice 802
Code du format utilisé Cadre de classement de la Bibliographie nationale française
700 ## - Auteur principal
Identifiant de la notice d'autorité 17081801
Identifiant international normalisé pour les noms ISNI0000000459760223
Code de fonction Auteur
801 #0 - Origine de la notice
Pays FR
Agence de catalogage FR-751131015
Date de la transaction 20240624
Règles de catalogage utilisées AFNOR
Identifiant d'origine FRBNF475002830000004
Code du format utilisé intermrc
856 #2 - Adresse électronique et mode d’accès
Uniform Resource Identifier 894164
Numéro d'accès Première de couverture
000 -Etiquette de la notice
Leader 02056cam a2200481 4500
003 - Identifiant de la notice
Identifiant http://catalogue.bnf.fr/ark:/12148/cb47500283c
005 - Identifiant de la version
Identifiant 20251211154043.0
020 ## - Numéro de l'agence bibliographique nationale
Code de pays France
Indice 02437077
073 #0 - EAN
Numéro normalisé 9782958676476
Holdings
Exclu du prêt Date de création Site actuel Code barre Date prix de remplacement Cote Date de restitution prévue Statut Site de rattachement Type de document Koha
  11.12.2025 Théâtre Joliette JOL-007681 11.12.2025 TH JP MAT X 04.06.2026   Théâtre Joliette Livre